| 000 | 00641nam a22001937a 4500 | ||
|---|---|---|---|
| 999 |
_c7105 _d7105 |
||
| 001 | 8947 | ||
| 003 | BD-DhUAP | ||
| 005 | 20210113153457.0 | ||
| 008 | 210113s1957 bg ||||| |||| 00| 0 eng d | ||
| 040 |
_aBD-DhUAP _bEng _cBD-DhUAP _dBD-DhUAP |
||
| 082 |
_223 _a348.549204 DAC |
||
| 245 |
_aThe Dacca law reports : _bfortnightly law journal / _cedited by Obaidul Huq Chowdhury. |
||
| 260 |
_aDacca : _bDacca law reports, _c1957. |
||
| 300 |
_avolumes ; _c25 cm. |
||
| 505 | _aV. 9-Table of cases of all courts civil and criminal. | ||
| 650 |
_aLaw reports, digests, etc. _zBangladesh. |
||
| 700 | _aChowdhury, Obaidul Huq. | ||
| 942 |
_2ddc _cBK |
||